000 00628nam a2200193 i 4500
001 150435
003 ES-MaACL
005 20250831023857.0
007 t|
008 071030s1972 sp ||||1| spa d
100 1 _aValcarce Alfayate, Enrique.
_9112463
245 1 0 _aAhora, los obispos /
_cEnrique Valcarce Alfayate ; prólogo de José María Pemán.
260 _aMadrid :
_b[Prensa Española],
_c1972.
300 _a152 p. ;
_c19 cm.
650 1 7 _aIglesia y Estado
_2embne
_913554
700 1 _aPemán, José María,
_d1897-1981
_990130
852 _aES-MaACL
_jC-49811
_bR.84111
999 _c150435
_d150435